| 000 | 00838nam a2200229Ia 4500 | ||
|---|---|---|---|
| 008 | 130821s2005 ck gr spa | ||
| 020 | _a9580484864 | ||
| 040 |
_aCo-BoUCM _bspa |
||
| 041 | 0 | 0 | _aspa |
| 100 | 1 |
_aBlanchard, Kenneth _9137991 |
|
| 245 | 1 | 0 |
_aClientes incondicionales un enfoque revolucionario para la atención al cliente _cKenneth Blanchard, Sheldon M. Bowles; traducción de Gisela Mercado |
| 260 |
_aBogotá (Colombia) _bGrupo Editorial Norma _c2005 |
||
| 300 | _a115 páginas | ||
| 650 | 0 | 4 |
_aAdministración de empresas _9435 |
| 650 | 0 | 4 |
_aMercadeo _919305 |
| 650 | 0 | 4 |
_aRelaciones con los clientes _98040 |
| 700 | 1 |
_aBowles, Sheldon M. _9162307 |
|
| 700 | 1 |
_aMercado, Gisela _etrad. _9162308 |
|
| 765 | 1 | 0 | _aRavig fans |
| 942 |
_cLIBRO _a16 _e1 _mB639c _2DEWEY _h658.8343 |
||
| 999 |
_c47903 _d47903 |
||